Szczegóły MARC21

Wspomaganie interakcji człowiek-komputer w środowiskach wirtualnych /

003 -Nazwa inst., której nr kontr. jest w polu 001 [,]
    • @
    • Nazwa instytucji, której n kontrolny jest w polu 001
    • NUKAT
005 -DATA I CZAS OSTATNIEJ MODYFIKACJI [,]
    • @
    • pole kontrolne
    • 20241231110417.0
020 -Międzynarod. znormalizowany nr książki - ISBN [ , ]
    • a
    • Numer ISBN
    • 9788378370239 Find
040 -Instytucja sporządzająca opis [ , ]
    • a
    • Instytucja, która sporządziła opis (NP)
    • KR U/maj
    • c
    • Instytucja, która sporządziła rekord (NP)
    • KR U/maj
    • d
    • Instytucja, która zmodyfikowała rekord (P)
    • WR U/KPs
942 -Rodzaj dokumentu [ , ]
    • c
    • Rodzaj dokumentu
    • Książka
100 -Hasło główne - nazwa osobowa [1, ]
    • a
    • Nazwa osobowa (NP)
    • Wojciechowski, Adam
    • c
    • Dopowiedzenie inne niż daty biograficzne (P)
    • (informatyka).
    • 9
    • KHW
    • 69920
245 -Strefa tytułu i oznaczenia odpowiedzialności [1,0]
    • a
    • Tytuł
    • Wspomaganie interakcji człowiek-komputer w środowiskach wirtualnych / Find
    • c
    • Pozostałe elementy strefy tytułu i oznaczenia odpowiedzialności (NP)
    • Adam Wojciechowski.
260 -Strefa adresu wydawniczego [ , ]
    • a
    • Miejsce wydania (P)
    • Warszawa :
    • b
    • Nazwa wydawcy (P)
    • Akademicka Oficyna Wydawnicza Exit,
    • c
    • Data wydania (P)
    • 2013.
300 -Strefa opisu fizycznego [ , ]
    • a
    • Określenie formy książki i/lub objętość (NP)
    • 248 s. :
    • b
    • Oznaczenie ilustracji (NP)
    • il. ;
    • c
    • Format (NP)
    • 24 cm.
336 -Typ zawartości [ , ]
    • a
    • Termin opisujący typ zawartości
    • Tekst
    • b
    • Kod określający zawartość
    • txt
    • 2
    • Źródło (terminu i kodu)
    • rdacontent
337 -Typ mediów [ , ]
    • a
    • Tryb odtwarzania
    • Bez urządzenia pośredniczącego
    • b
    • Kod typu mediów
    • n
    • 2
    • Źródło (terminu i kodu)
    • rdamedia
338 -Typ/rodzaj nośnika [ , ]
    • a
    • Hasło opisujące typ nośnika
    • Wolumin
    • b
    • Kod typu nośnika
    • nc
    • 2
    • Źródło (terminu i kodu)
    • rdacarrier
490 -Strefa serii i książki wielotomowej - forma nie do wyszukiwania [1, ]
    • a
    • Tytuł (P)
    • Informatyka Find
830 -Hasło dodatkowe serii i opisu książki wielotomowej - tytuł ujednolicony/tytuł [ ,0]
    • a
    • Tytuł ujednolicony/tytuł (NP)
    • Informatyka - Akademicka Oficyna Wydawnicza EXIT
    • 9
    • KHW
    • 69914
504 -Uwaga dot. bibliogr. załącznikowej [ , ]
    • a
    • Uwaga dot. bibliografii załącznikowej
    • Bibliogr. s. 207-238.
080 -Uniwersalna Klasyfikacja Dziesiętna [ , ]
    • 2
    • Identyfikator wydania tablic
    • UDC-P058
    • 9
    • UKD
    • 2110
    • a
    • Symbol klasyfikacji
    • 004.5
    • b
    • Dopowiedzenie
    • Interakcja człowiek-komputer. Komunikacja między człowiekiem i maszyną. Interfejs użytkownika. Środowisko użytkownika.
080 -Uniwersalna Klasyfikacja Dziesiętna [ , ]
    • 2
    • Identyfikator wydania tablic
    • UDC-P058
    • 9
    • UKD
    • 3993
    • a
    • Symbol klasyfikacji
    • 502.1
    • b
    • Dopowiedzenie
    • Środowisko a społeczeństwo. Wzajemne oddziaływanie.
    • 4
    • UKD2
    • 49950
    • x
    • Poddział wspólny
    • -021.131
    • c
    • Dopowiedzenie poddz. wspólnego
    • -Wirtualny.
650 -Hasło przedmiotowe [ ,7]
    • a
    • Hasło przedmiotowe
    • Interakcja człowiek-komputer.
    • 2
    • Źródło terminu
    • kaba
    • 9
    • KHW
    • 112191
650 -Hasło przedmiotowe [ ,7]
    • a
    • Hasło przedmiotowe
    • Interakcja człowiek-komputer
    • x
    • Określnik rzeczowy
    • modele matematyczne.
    • 2
    • Źródło terminu
    • kaba
    • 9
    • KHW
    • 383632
650 -Hasło przedmiotowe [ ,7]
    • a
    • Hasło przedmiotowe
    • Interfejsy użytkownika (systemy informatyczne).
    • 2
    • Źródło terminu
    • kaba
    • 9
    • KHW
    • 112225
980 -Symbol UKD [ , ]
    • a
    • UKD
    • 004.5:502.1-021.131
710 -Hasło dodatkowe - nazwa ciała zbiorowego [2, ]
    • a
    • Nazwa ciała zbiorowego lub nazwa geograficzna jako pierwszy element (NP)
    • Akademicka Oficyna Wydawnicza Exit.
    • 4
    • Kod relacji
    • pbl
    • 9
    • KHW
    • 69921
920 -ISBN [ , ]
    • a
    • ISBN
    • 978-83-7837-023-9 Find
Lokalizacja Data inwentaryzacji Status udost. Numer inwentarzowy
BE2014-03-31-2E.75175